Seleções que nunca disputaram uma Copa do Mundo - Statistics

Estatísticas Gerais
  • Esse quiz foi jogado 376 vezes
  • A pontuação média é 74 de 132
Estatísticas das Respostas
Confederação Seleção % Correto
CONMEBOL Venezuela
80%
CAF Guiné
76%
UEFA Andorra
74%
UEFA Lituânia
74%
AFC Afeganistão
73%
UEFA Letônia
73%
AFC Turcomenistão
73%
UEFA Albânia
72%
CAF Guiné-Bissau
72%
AFC Paquistão
72%
UEFA San Marino
72%
AFC Butão
71%
UEFA Cazaquistão
71%
UEFA Estônia
71%
CAF Guiné Equatorial
71%
AFC Índia
71%
CONCACAF Suriname
71%
UEFA Armênia
69%
UEFA Chipre
69%
UEFA Macedônia do Norte
69%
CAF Madagascar
69%
CAF Congo
68%
CONCACAF Guatemala
68%
AFC Vietnã
68%
UEFA Azerbaijão
67%
CAF Etiópia
67%
UEFA Finlândia
67%
CONCACAF Guiana
67%
CAF Lesoto
67%
AFC Mongólia
67%
CONCACAF Nicáragua
67%
AFC Quirguistão
67%
CAF Líbia
66%
AFC Nepal
66%
CAF Zâmbia
66%
UEFA Bielorrússia
65%
OFC Fiji
65%
UEFA Kosovo
65%
AFC Laos
65%
CAF Zimbabwe
65%
CAF Essuatíni
64%
AFC Omã
64%
CAF Somália
64%
CONCACAF Bahamas
63%
CAF Eritreia
63%
CAF Gabão
63%
UEFA Liechtenstein
63%
UEFA Luxemburgo
63%
AFC Malásia
63%
CAF Mali
63%
CAF Moçambique
63%
CAF Quênia
63%
AFC Tailândia
63%
AFC Brunei
62%
UEFA Malta
62%
CAF Níger
62%
CONCACAF República Dominicana
62%
CAF São Tomé e Príncipe
62%
CAF Serra Leoa
62%
CAF Sudão
62%
CAF Tânzania
62%
AFC Uzbequistão
62%
AFC Bahrein
61%
CAF Botsuana
61%
AFC Camboja
61%
CAF Comores
61%
UEFA Geórgia
61%
AFC Líbano
61%
UEFA Moldávia
61%
CAF Seicheles
61%
CONCACAF Barbados
60%
CONCACAF Belize
60%
CAF Burundi
60%
CAF Libéria
60%
CAF Mauritânia
60%
CAF Ruanda
60%
CONCACAF São Vicente e Granadinas
60%
CAF Sudão do Sul
60%
AFC Tajiquistão
60%
OFC Tonga
60%
CAF Chade
59%
CAF Gâmbia
59%
AFC Iêmen
59%
AFC Jordânia
59%
CAF Maurícia
59%
AFC Myanmar
59%
CAF República Centro-Africana
59%
AFC Bangladesh
58%
CAF Cabo Verde
58%
CAF Namíbia
58%
CONCACAF São Cristóvão e Nevis
58%
AFC Síria
58%
CAF Uganda
58%
CAF Djibouti
57%
OFC Vanuatu
57%
AFC Maldivas
56%
UEFA Montenegro
56%
AFC Sri Lanka
56%
CONCACAF Antígua e Barbuda
55%
AFC Filipinas
55%
CAF Malawi
54%
AFC Taipé Chinês/Taiwan
54%
CONCACAF Dominica
53%
CONCACAF Granada
53%
AFC Singapura
53%
OFC Papua-Nova Guiné
52%
OFC Samoa
52%
OFC Ilhas Salomão
50%
CONCACAF Santa Lúcia
50%
AFC Timor-Leste
50%
CAF Benin
47%
OFC Taiti
35%
UEFA Gibraltar
33%
UEFA Ilhas Faroé
29%
AFC Palestina
28%
CONCACAF Porto Rico
28%
CAF Burquina Fasso
26%
AFC Hong Kong
26%
OFC Nova Caledônia
24%
CONCACAF Bermudas
23%
AFC Macau
22%
OFC Samoa Americana
22%
CONCACAF Aruba
21%
CONCACAF Ilhas Virgens Britânicas
21%
AFC Guam
20%
CONCACAF Ilhas Virgens Americanas
19%
OFC Ilhas Cook
18%
CONCACAF Anguila
11%
CONCACAF Curaçau
11%
CONCACAF Turcas e Caicos
11%
CONCACAF Ilhas Caimã
6%
CONCACAF Monserrate
1%
Nenhum quiz correspondente encontrado
Distribuição das Pontuações
Porcentagem de Pessoas com Cada Pontuação
Percentil de Números Respondidos
Sua Pontuação Histórica
Você não jogou esse quiz